[Event "4th Open C Women"]
[Site "Moscow RUS"]
[Date "2008.02.05"]
[Round "4"]
[White "Gavrjuchenkova,A"]
[Black "Ambartsumova,K"]
[Result "0-1"]
[WhiteElo "1957"]
[BlackElo "2228"]

1.e4 d6 2.d4 Nf6 3.Nc3 Nbd7 4.Bc4 e5 5.Nf3 Be7 6.O-O O-O 7.a3 c6 8.Ba2 b5
9.b4 a6 10.Bb2 Qc7 11.Qe2 Bb7 12.Rfd1 h6 13.h3 Rfe8 14.Kh1 exd4 15.Nxd4 Bf8
16.f3 c5 17.Nf5 c4 18.Qd2 Re6 19.Nd4 Re5 20.Nf5 d5 21.Nxd5 Bxd5 22.Bxe5 Qxe5
23.Nxh6+ gxh6 24.exd5 Bd6 25.g3 Nh5 26.Qxh6 Nxg3+ 27.Kg2 Nf5 28.f4 Qe4+ 29.Kf2 Nxh6  0-1

[Event "16th FAJR Open"]
[Site "Urmia IRI"]
[Date "2008.02.05"]
[Round "5"]
[White "Mallahi,A"]
[Black "Abedi,Ab"]
[Result "1-0"]
[WhiteElo "2397"]
[BlackElo "2161"]

1.e4 d6 2.d4 Nf6 3.Nc3 e5 4.dxe5 dxe5 5.Qxd8+ Kxd8 6.Bg5 Be6 7.O-O-O+ Kc8
8.Bb5 Bb4 9.Nge2 c6 10.Ba4 Nbd7 11.Bb3 Bxb3 12.axb3 Kc7 13.f3 Rad8 14.g4 Be7
15.Ng3 h6 16.Bd2 g6 17.h4 h5 18.g5 Ne8 19.f4 exf4 20.Bxf4+ Kc8 21.e5 Ng7
22.Nce4 Ne6 23.Bd2 Rhf8 24.Bc3 Nb6 25.Nd6+ Bxd6 26.exd6 Nd5 27.Ne4 Nxc3 28.bxc3 Ng7
29.c4 b6 30.b4 Nf5 31.c5 Kb7 32.Nf6 bxc5 33.bxc5 Ng7 34.Rhf1 Ne6 35.Ne4 Ka6
36.Kd2 Kb5 37.Kc3 Rb8 38.Rb1+ Ka6 39.Rxb8 Rxb8 40.Rxf7 Rb5 41.Kc4 Rb2 42.Rf6  1-0

[Event "4th Open A"]
[Site "Moscow RUS"]
[Date "2008.02.06"]
[Round "5"]
[White "Onoprijchuk,B"]
[Black "Bocharov,D"]
[Result "1-0"]
[WhiteElo "2390"]
[BlackElo "2600"]

1.e4 d6 2.d4 Nf6 3.Nc3 e5 4.Nf3 Nbd7 5.Bc4 Be7 6.O-O O-O 7.Re1 c6 8.a4 exd4
9.Nxd4 Ne5 10.Ba2 Re8 11.f4 Ng6 12.Qd3 Bf8 13.Bd2 Bd7 14.a5 b5 15.b4 a6 16.Nf3 Be6
17.Bxe6 fxe6 18.Ne2 Rc8 19.c4 d5 20.exd5 exd5 21.c5 Ne4 22.Be3 Qf6 23.g3 Be7
24.Kg2 Qf7 25.Bd4 Bf6 26.Bxf6 Qxf6 27.Qd4 Qf5 28.Ra3 h5 29.Re3 h4 30.Nxh4 Nxh4+
31.gxh4 Re6 32.Ng3 Rg6 33.Qe5 Qxe5 34.fxe5 Re8 35.Kh3 Nf2+ 36.Kg2 d4 37.Rf3 Ng4
38.Re4 Ne3+ 39.Kf2 Nc2 40.Nf5 Nxb4 41.Nxd4 Nd5 42.Rg3 Rxg3 43.hxg3 Ne7 44.Nc2 Nd5
45.Nd4 b4 46.Re2 Ne7 47.Kf3 Kf7 48.Ke4 Rh8 49.Rf2+ Ke8 50.Rf4 g5 51.hxg5 Rh2
52.Rf6  1-0

[Event "4th Open A"]
[Site "Moscow RUS"]
[Date "2008.02.06"]
[Round "5"]
[White "Deviatkin,A"]
[Black "Dudukin,Ilya"]
[Result "1-0"]
[WhiteElo "2543"]
[BlackElo "2430"]

1.e4 d6 2.d4 Nf6 3.Nc3 e5 4.Nf3 Nbd7 5.Bc4 Be7 6.O-O O-O 7.Re1 c6 8.a4 a5
9.Ba2 Qb6 10.Rb1 exd4 11.Nxd4 Nc5 12.h3 Be6 13.Nxe6 fxe6 14.e5 Nd5 15.Nxd5 exd5
16.exd6 Bxd6 17.Be3 Rad8 18.Qd4 Qb4 19.Ra1 Rf4 20.Qd1 Rf7 21.Bd4 Rf4 22.Be3 Rff8
23.Bd4 Rf4 24.c3 Qxb2 25.Re2 Qb6 26.g3 Rff8 27.Qd2 Qc7 28.Rae1 Qd7 29.c4 b6
30.cxd5 cxd5 31.Bxd5+ Kh8 32.Qc3 h6 33.Re6 Nxe6 34.Rxe6 Bf4 35.gxf4 Qxd5
36.Bxg7+ Kg8 37.Bxf8 Rxf8 38.Qg3+  1-0

[Event "4th Open A"]
[Site "Moscow RUS"]
[Date "2008.02.07"]
[Round "6"]
[White "Areshchenko,A"]
[Black "Yudin,I"]
[Result "0-1"]
[WhiteElo "2645"]
[BlackElo "2176"]

1.e4 d6 2.d4 Nf6 3.Nc3 e5 4.Nf3 Nbd7 5.g4 Nxg4 6.Rg1 exd4 7.Nxd4 Nde5 8.h3 Nf6
9.f4 Ng6 10.Qe2 c6 11.Be3 Qc7 12.O-O-O Bd7 13.Qc4 Be7 14.Nf5 Bxf5 15.exf5 Nh4
16.Rxg7 Bf8 17.Bc5 d5 18.Nxd5 Nxd5 19.Qe4+ Be7 20.Bc4 Nxf5 21.Qxf5 Bxc5 22.Bxd5 cxd5
23.Rxd5 Be3+ 24.Kb1 Bxf4 25.a3 Bd6 26.c4 Rf8 27.Rxh7 Be7 28.Qe4 Rd8 29.Rb5 Qc6
30.Qc2 Rd4 31.Ka2 b6 32.Rb3 Qxc4 33.Qf5 Rd5 34.Qf3 Rb5  0-1

[Event "4th Open C Women"]
[Site "Moscow RUS"]
[Date "2008.02.07"]
[Round "6"]
[White "Shalukhina,T"]
[Black "Kiseljova,M"]
[Result "1-0"]
[WhiteElo "1972"]
[BlackElo "2129"]

1.d4 d6 2.e4 Nf6 3.Nc3 e5 4.Nge2 Be7 5.h3 c6 6.a4 a5 7.Be3 Nbd7 8.g4 exd4
9.Nxd4 Nc5 10.Bg2 Qb6 11.Nb3 Be6 12.Nxc5 dxc5 13.Rb1 Rd8 14.Qe2 Qb4 15.Bd2 Bc4
16.Qe3 Qb6 17.b3 Ba6 18.Ne2 Qc7 19.c4 b5 20.Qc3 b4 21.Qc2 Nd7 22.O-O Nf8
23.e5 Ne6 24.f4 Nd4 25.Nxd4 cxd4 26.Qe4 Bb7 27.f5 Bc5 28.f6 d3+ 29.Kh1 g6
30.Rbe1 O-O 31.Be3 Qb6 32.Qf4 Rfe8 33.Qh6 Bf8 34.Qxf8+ Kxf8 35.Bxb6  1-0

[Event "4th Open C Women"]
[Site "Moscow RUS"]
[Date "2008.02.07"]
[Round "6"]
[White "Ostertag,G"]
[Black "Drozdova,D"]
[Result "1-0"]
[WhiteElo "2210"]
[BlackElo "2149"]

1.e4 d6 2.d4 Nf6 3.Nc3 e5 4.Nf3 Nbd7 5.Bc4 Be7 6.O-O O-O 7.Re1 c6 8.a4 b6
9.d5 Bb7 10.dxc6 Bxc6 11.Nd5 Nxd5 12.Bxd5 Qc7 13.Re2 Nf6 14.Bxc6 Qxc6 15.Qd3 Rfe8
16.b3 Bf8 17.Bb2 Rad8 18.c4 Nd7 19.Ne1 Nc5 20.Qe3 a6 21.Rc1 Qb7 22.f3 b5
23.axb5 axb5 24.Kh1 Ra8 25.b4 Ne6 26.c5 Rec8 27.Nd3 f6 28.Rec2 Rc6 29.h3 Rac8
30.Rc3 Rd8 31.f4 exf4 32.Nxf4 Nxf4 33.Qxf4 dxc5 34.bxc5 Re8 35.R3c2 Qe7 36.Qf1 Qb7
37.Qd3 Rec8 38.Qd5+ Kh8 39.e5 Qe7 40.exf6 gxf6 41.Bd4 Re6 42.Bb2 Rcc6 43.Qb3 Qb7
44.Rd1 Qb8 45.Rcc1 Bh6 46.Rc3 Qe8 47.Rf3 Qb8 48.Rfd3 Bf8 49.Rd7 Qf4 50.Qd3 Be7
51.Rxe7  1-0

[Event "4th Open A"]
[Site "Moscow RUS"]
[Date "2008.02.08"]
[Round "7"]
[White "Soltanici,R"]
[Black "Kunin,V"]
[Result "1-0"]
[WhiteElo "2379"]
[BlackElo "2538"]

1.e4 d6 2.d4 Nf6 3.Nc3 e5 4.Nf3 Nbd7 5.Bc4 Be7 6.O-O O-O 7.Re1 c6 8.a4 b6
9.d5 c5 10.a5 bxa5 11.Nd2 Nb6 12.Bb5 Bg4 13.f3 Bd7 14.Bxd7 Nfxd7 15.Nb3 Nc4
16.Qe2 Ndb6 17.Nxa5 Nxa5 18.Rxa5 f5 19.exf5 Rxf5 20.Be3 Rf7 21.Rea1 Bf8 22.Ra6 Nc8
23.Ne4 Rb7 24.b3 h6 25.Qd3 Rab8 26.Nd2 Rf7 27.Nc4 Rbb7 28.Na5 Rbd7 29.Nc6 Qf6
30.Qe4 g5 31.R1a5 h5 32.h3 Rg7 33.Ra1 Rdf7 34.R6a4 g4 35.fxg4 hxg4 36.hxg4 Qh4
37.g5 Qg3 38.Nd8 Re7 39.Ne6 Rh7 40.g6 Rh5 41.Rf1 Re8 42.Qf3 Qxf3 43.Rxf3 Bh6
44.Bxh6 Rxh6 45.Rg4 e4 46.Rf1 Ne7 47.g7 Rxe6 48.dxe6 d5 49.c4 e3 50.cxd5 Nxd5
51.Rf8+ Rxf8 52.gxf8=R+ Kxf8 53.Rg5 Nc3 54.Rxc5  1-0

[Event "4th Open A"]
[Site "Moscow RUS"]
[Date "2008.02.08"]
[Round "7"]
[White "Lyaskovsky,Vi"]
[Black "Pustov,P"]
[Result "1/2-1/2"]
[WhiteElo "2326"]
[BlackElo "2413"]

1.e4 d6 2.d4 Nf6 3.Nc3 c6 4.f4 Qa5 5.Bd3 e5 6.Nf3 Bg4 7.fxe5 dxe5 8.dxe5 Nfd7
9.Bf4 Nxe5 10.Bxe5 Bxf3 11.Qxf3 Qxe5 12.Bc4 f6 13.Rd1 Nd7 14.Bf7+ Kxf7 15.Rxd7+ Be7
16.O-O b5 17.Qf5 Qxf5 18.exf5 Rhd8 19.Rfd1 Rxd7 20.Rxd7 Rd8 21.Rxd8 Bxd8  1/2-1/2

[Event "4th Open C Women"]
[Site "Moscow RUS"]
[Date "2008.02.08"]
[Round "7"]
[White "Koroteeva,K"]
[Black "Ivanova,D"]
[Result "1/2-1/2"]
[WhiteElo "1955"]
[BlackElo "2104"]

1.e4 d6 2.d4 Nf6 3.Nc3 Nbd7 4.Nf3 e5 5.Bc4 Be7 6.O-O O-O 7.Re1 c6 8.a4 Qc7
9.d5 a5 10.dxc6 bxc6 11.b3 Nb6 12.Bf1 Bg4 13.Be2 Rfd8 14.Be3 Nfd7 15.Ng5 Bxe2
16.Qxe2 h6 17.Nh3 Nf8  1/2-1/2

[Event "4th Open C Women"]
[Site "Moscow RUS"]
[Date "2008.02.09"]
[Round "8"]
[White "Kostrikina,A"]
[Black "Beliaeva,N"]
[Result "1-0"]
[WhiteElo "2138"]
[BlackElo "2020"]

1.e4 c6 2.d4 d6 3.Nc3 Nf6 4.Be3 Qc7 5.Qd2 e5 6.Nf3 b5 7.a3 a6 8.Bd3 Be7 9.O-O O-O
10.Rfd1 Bg4 11.Be2 Nbd7 12.h3 Bh5 13.dxe5 Nxe5 14.Nxe5 Bxe2 15.Qxe2 dxe5
16.Bg5 Rfd8 17.Qe3 Rxd1+ 18.Rxd1 a5 19.a4 b4 20.Nb1 Rd8 21.Rxd8+ Qxd8 22.Qd2 h6
23.Bxf6 Bxf6 24.Kf1 Kf8 25.Ke2 Bg5 26.Qxd8+ Bxd8 27.Nd2 Ke8 28.Nc4 Bc7 29.Kd3 Kd7
30.c3 c5 31.Ne3 g6 32.Kc4 Kc6 33.f3 h5 34.Nd1 Bd8 35.g3 Bg5 36.Nf2 Be7 37.g4 hxg4
38.hxg4 f6 39.Nd3 Bd6 40.Nf2 Be7 41.Nd3 Bd6 42.Nc1 Bc7 43.Nb3 Bb6 44.Nd2  1-0

[Event "4th Open C Women"]
[Site "Moscow RUS"]
[Date "2008.02.09"]
[Round "8"]
[White "Kovanova,B"]
[Black "Ambartsumova,K"]
[Result "0-1"]
[WhiteElo "2348"]
[BlackElo "2228"]

1.e4 d6 2.d4 Nf6 3.Nc3 Nbd7 4.Nf3 e5 5.Bc4 Be7 6.O-O O-O 7.Re1 c6 8.a4 Rb8
9.b3 b6 10.Bb2 a6 11.Bd3 b5 12.axb5 axb5 13.Ne2 Qc7 14.Ng3 Re8 15.Qd2 Bf8
16.Nf5 h6 17.h3 c5 18.c3 d5 19.dxe5 dxe4 20.c4 Nxe5 21.Bxe5 Rxe5 22.Nxe5 Bxf5
23.Qf4 Bh7 24.Bxe4 Nxe4 25.Rxe4 Bd6 26.Qxf7+ Qxf7 27.Nxf7 Kxf7  0-1

[Event "4th Open A"]
[Site "Moscow RUS"]
[Date "2008.02.09"]
[Round "8"]
[White "Hambardzumian,Y"]
[Black "Bocharov,D"]
[Result "0-1"]
[WhiteElo "2378"]
[BlackElo "2600"]

1.e4 d6 2.d4 Nf6 3.Nc3 e5 4.Nf3 Nbd7 5.Bc4 Be7 6.O-O O-O 7.a4 c6 8.h3 b6
9.Be3 Bb7 10.Ba2 a6 11.dxe5 dxe5 12.Nd2 b5 13.g4 Nc5 14.Qf3 Qc7 15.a5 Ne6
16.g5 Nd7 17.Bxe6 fxe6 18.Qg4 Kh8 19.Ne2 Rae8 20.Ng3 c5 21.c4 Nb8 22.b4 bxc4
23.bxc5 Bxg5 24.Rfc1 Bxe3 25.fxe3  0-1

[Event "10th TCh-Euro sen"]
[Site "Dresden GER"]
[Date "2008.02.11"]
[Round "1"]
[White "Tseshkovsky,V"]
[Black "Weiss,W"]
[Result "1-0"]
[WhiteElo "2504"]
[BlackElo "2227"]

1.e4 d6 2.d4 Nf6 3.Nc3 c6 4.f4 Qa5 5.Bd3 d5 6.e5 Ne4 7.Ne2 Nxc3 8.Nxc3 Na6
9.O-O Nb4 10.f5 Nxd3 11.Qxd3 e6 12.fxe6 Bxe6 13.Bd2 Be7 14.a4 Qc7 15.Qg3 g6
16.Bg5 h5 17.h4 O-O-O 18.a5 Rhe8 19.Na4 Bxg5 20.Qxg5 Qe7 21.Rf6 Qb4 22.Qe3 Qxa5
23.Ra3 Qc7 24.Nc5 b6 25.Nxe6 Rxe6 26.Rxe6 fxe6 27.Qg5 Rf8 28.Qxg6 Qf7 29.Rg3 Qxg6
30.Rxg6 Rf4 31.c3 Rxh4 32.Rxe6 Kd7 33.Rh6 a5 34.g3 Rg4 35.Kf2 Rg5 36.Rf6 a4
37.Rf7+ Kd8 38.Kf3 b5 39.Rh7 Rf5+ 40.Ke3 Rg5 41.Kf4 Rg4+ 42.Kf5 Rxg3 43.e6 Re3
44.Kf6 h4 45.Rh8+ Kc7 46.e7  1-0

[Event "10th TCh-Euro sen"]
[Site "Dresden GER"]
[Date "2008.02.13"]
[Round "3"]
[White "Postler,R"]
[Black "Mira,H"]
[Result "1-0"]
[WhiteElo "2304"]
[BlackElo "2153"]

1.e4 d6 2.d4 Nf6 3.Nc3 c6 4.Nf3 Bg4 5.Be2 e6 6.h3 Bxf3 7.Bxf3 d5 8.O-O Be7
9.Re1 O-O 10.Bf4 Qb6 11.Qd3 Rd8 12.exd5 cxd5 13.Nb5 Ne8 14.c4 dxc4 15.Qxc4 Na6
16.d5 Rac8 17.Qe2 exd5 18.Nc3 Bf6 19.Nxd5 Qxb2 20.Nxf6+ Qxf6 21.Bxb7 Qxf4
22.Bxc8 Nac7 23.Bb7 Ne6 24.Rad1 Rb8 25.Bd5 N8c7 26.Bxe6 Nxe6 27.Qe5 Qb4 28.Re3 Rc8
29.Rf3 h6 30.Qd6 Qa5 31.Qe7 Qh5 32.Qxa7 Ng5 33.Rfd3 Kh7 34.Qd4 f5 35.Qf4 Ne4
36.g4 Qg6 37.Qxf5 Qxf5 38.gxf5 Rc2 39.Re3 Nc3 40.Rd7 Ne2+ 41.Kf1 Nf4 42.f6 Rxa2
43.Rxg7+  1-0

[Event "10th TCh-Euro sen"]
[Site "Dresden GER"]
[Date "2008.02.14"]
[Round "4"]
[White "Macgilchrist,S"]
[Black "Rost van Tonningen,O"]
[Result "0-1"]
[WhiteElo "1821"]
[BlackElo "2061"]

1.e4 d6 2.d4 Nf6 3.Nc3 Nbd7 4.Nf3 e5 5.dxe5 dxe5 6.Bc4 Be7 7.Bg5 O-O 8.O-O c6
9.a3 Qc7 10.Qe2 Nc5 11.b4 Ne6 12.Bxe6 Bxe6 13.Rfd1 Rfd8 14.Rxd8+ Rxd8 15.Rd1 Rxd1+
16.Qxd1 h6 17.Bh4 a5 18.Bxf6 Bxf6 19.b5 cxb5 20.Nxb5 Qc6 21.a4 Qxe4 22.c3 Qc4
23.Nd2 Qd3 24.Qe1 Bd5 25.f3 Bc6 26.c4 Bg5 27.Nf1 Qxc4 28.Qxe5 Bf6 29.Qe1 Qxa4
30.Nc7 Bd4+ 31.Kh1 Bb6 32.Ne6 Bd7 33.Nxg7 Qd4 34.Nd2 Qxg7 35.Nc4 Qd4 36.Nxb6 Qxb6
37.h3 a4 38.Qe5 Qe6 39.Qb8+ Bc8 40.Qg3+ Kh7 41.Qc7 b5 42.Qc2+ Qf5 43.Qc3 Be6
44.g4 Qb1+ 45.Kg2 a3 46.Qxa3 Qa2+  0-1

[Event "Aeroflot Open"]
[Site "Moscow RUS"]
[Date "2008.02.14"]
[Round "1"]
[White "Amonatov,F"]
[Black "Maletin,P"]
[Result "1/2-1/2"]
[WhiteElo "2649"]
[BlackElo "2573"]

1.e4 d6 2.d4 Nf6 3.Nc3 e5 4.Nf3 Nbd7 5.Bc4 Be7 6.O-O O-O 7.a4 c6 8.Ba2 a5
9.Qe2 exd4 10.Nxd4 Re8 11.Be3 Nb6 12.Qf3 Nbd7 13.h3 Bf8 14.Rfe1 Ne5 15.Qe2 Ng6
16.Rad1 Qc7 17.Bg5 Qe7 18.Qf3 h6 19.Nf5 Bxf5 20.Qxf5 hxg5 21.Qxg6 Nd7 22.Qh5 Ne5
23.Qe2 Qf6 24.Qe3 Be7 25.Ne2 Bd8 26.c3 Bc7 27.Qd4 Re7 28.Rf1 Ra6 29.Ng3 g6
30.Ne2 g4 31.Qe3 d5 32.Qh6 dxe4 33.Ng3 Nd3 34.Nh5 Qh8 35.Qxg6+ Kf8 36.Qxg4 Ra8
37.Ng3 Nxb2 38.Rd4 Rae8 39.Rxe4 Rxe4 40.Nxe4 Qe5 41.Ng3 Qf4 42.Qh5 Be5 43.Bb3 b5
44.axb5 a4 45.Ba2 cxb5 46.Qh7 Rd8 47.Qh5 Rd7 48.Qe2 Rd2 49.Qxb5 Nd3 50.Bd5 Rxf2
51.Qxd3 Qxg3 52.Qxg3 Rxf1+ 53.Kxf1 Bxg3 54.Ke2 f6 55.Ba2 Ke7 56.Kd3 Kd6 57.Kc4 Be1
58.Bb1 Ke5 59.Bc2 a3 60.Bb1 Kf4 61.Kb3 Kg3 62.c4 Kxg2 63.Bf5 Kg3 64.Kxa3 Kh4
65.c5 Kg5 66.c6 Bg3 67.Be6 Kh6 68.Kb4 Kg7 69.Bf5 Kh8 70.Kc5 Bh2 71.Kd5 Kg7
72.Ke6 Bg3 73.Ke7 Bh2 74.Kd7  1/2-1/2

[Event "Aeroflot Open"]
[Site "Moscow RUS"]
[Date "2008.02.14"]
[Round "1"]
[White "Parligras,M"]
[Black "Bologan,V"]
[Result "1/2-1/2"]
[WhiteElo "2574"]
[BlackElo "2663"]

1.e4 d6 2.d4 Nf6 3.Nc3 e5 4.Nf3 Nbd7 5.Bc4 Be7 6.O-O O-O 7.Re1 c6 8.a4 a5
9.h3 Nb6 10.Ba2 Nfd7 11.Be3 exd4 12.Bxd4 Nc5 13.Bxc5 dxc5 14.Qe2 Qd6 15.Rad1 Qh6
16.Qd2 Qxd2 17.Nxd2 Rd8 18.Nc4 Nxc4 19.Bxc4 Bd7 20.Rd3 Be8 21.e5 Rd4 22.b3 Rb8
23.Rdd1 b5 24.Bf1 Kf8 25.g3 Rxd1 26.Rxd1 c4 27.bxc4 Bb4 28.Ne4 bxa4 29.c5 f5
30.exf6 Bg6 31.fxg7+ Kxg7 32.Bd3 Bxe4 33.Bxe4 Bc3 34.Bxc6 a3 35.Rd7+ Kf6  1/2-1/2

[Event "10th TCh-Euro sen"]
[Site "Dresden GER"]
[Date "2008.02.15"]
[Round "5"]
[White "Zakharov,AI"]
[Black "Pribyl,Jo"]
[Result "0-1"]
[WhiteElo "2427"]
[BlackElo "2367"]

1.e4 d6 2.d4 Nf6 3.Nc3 e5 4.dxe5 dxe5 5.Qxd8+ Kxd8 6.Bg5 Be7 7.Nf3 Nbd7 8.O-O-O Ke8
9.Bh4 a6 10.Bc4 Bd6 11.Ng5 Rf8 12.f4 exf4 13.e5 Nxe5 14.Rhe1 Bf5 15.Nf3 Ng4
16.Nd5 Be6 17.Bb3 Nxf3 18.gxf3 Ne3 19.Nxe3 fxe3 20.Bg3 Bxg3 21.hxg3 Rd8 22.Rxe3 Rxd1+
23.Kxd1 Ke7 24.f4 Kf6 25.Bxe6 fxe6 26.Rb3 b6 27.Rc3 c5 28.Rd3 Ke7 29.Ke2 Rd8
30.Re3 Rd4 31.f5 Rd6 32.Kf3 Kf6 33.fxe6 Rxe6 34.Ra3 a5 35.Rd3 h5 36.Rd8 Ke5
37.Rg8 Rf6+ 38.Ke3 Rg6 39.Kf3 Kd4 40.Rh8 Rf6+ 41.Ke2 g6 42.a4 Kc4 43.Re8 Rd6
44.Re4+ Kd5 45.Rf4 Ke5 46.Rf8 Rd4 47.c3 Rd6 48.Rg8 Kf5 49.b3 Kg4 50.Kf2 g5
51.Rb8 Rf6+ 52.Kg2 Rf3 53.Rxb6 Rxg3+ 54.Kf2 Rxc3 55.Rb5 h4 56.Rxa5 h3 57.Ra8 h2  0-1

[Event "Aeroflot Open"]
[Site "Moscow RUS"]
[Date "2008.02.15"]
[Round "2"]
[White "Dreev,A"]
[Black "Minasian,Art"]
[Result "1-0"]
[WhiteElo "2633"]
[BlackElo "2578"]

1.d4 d6 2.e4 Nf6 3.Nc3 e5 4.Nf3 Nbd7 5.Bc4 Be7 6.O-O O-O 7.a4 c6 8.Ba2 h6
9.Nh4 Nxe4 10.Nxe4 Bxh4 11.Nxd6 exd4 12.Qh5 Nf6 13.Bxf7+ Kh8 14.Qxh4 Qxd6
15.Bxh6 Nh7 16.Bf4 Qf6 17.Qxf6 Nxf6 18.Bg6 Ng4 19.Bg3 Bf5 20.Bxf5 Rxf5 21.Rad1 Rd8
22.Rfe1 Rfd5 23.Re7 R8d7 24.Rxd7 Rxd7 25.Kf1 Kg8 26.Ke2 Nf6 27.Kd3 Nd5 28.Re1 Nb4+
29.Kd2 Kf7 30.h4 c5 31.b3 b6 32.h5 Kf6 33.Bh4+ Kf7 34.Re5 Nc6 35.Rf5+ Ke6
36.Rg5 Kf7 37.Bg3 Re7 38.Rd5 Kg8 39.Bf4 Rf7 40.g3 Kh7 41.Rg5 Rf6 42.Ke2 Re6+
43.Kd1 Rf6 44.Rd5 Rf7 45.Rd6 Nb8 46.Ke2 Nd7 47.Rd5 Nf6 48.Re5 Ng4 49.Rg5 Re7+
50.Kf3 Nf6 51.Re5 Rd7 52.Ke2 Nd5 53.Bd2 Nc3+ 54.Ke1 c4 55.bxc4 Nxa4 56.Rd5 Re7+
57.Kf1 Nc5 58.Rxd4 a5 59.g4 Ne4 60.Bc1 Nf6 61.f3 Rc7 62.Ke2 b5 63.cxb5 Rxc2+
64.Bd2 Rb2 65.Ra4 Rxb5 66.Bxa5 Rb2+ 67.Bd2 Rb7 68.Ra6 Re7+ 69.Kf2 Rd7 70.Bf4 Rd4
71.Kg3 Rd5 72.h6 Ng8 73.hxg7 Kxg7 74.Bc1 Kf7 75.Bb2 Rb5 76.Bc3 Ne7 77.Rf6+ Kg8
78.Bd4 Rd5 79.Rf4 Ng6 80.Re4 Kf7 81.f4 Ne7 82.Kf3 Rb5 83.Be3 Kf6 84.Rc4 Rb1
85.Ke4  1-0

[Event "XXIV Open"]
[Site "Cappelle La Grande FRA"]
[Date "2008.02.16"]
[Round "1"]
[White "Roser,K"]
[Black "Cyborowski,L"]
[Result "1/2-1/2"]
[WhiteElo "2402"]
[BlackElo "2543"]

1.e4 d6 2.d4 Nf6 3.Nc3 e5 4.Nf3 Nbd7 5.Bc4 Be7 6.O-O O-O 7.Re1 c6 8.a4 b6
9.Bg5 a6 10.d5 c5 11.Rb1 Re8 12.Nd2 Nf8 13.Bf1 h6 14.Bxf6 Bxf6 15.Nc4 Qc7
16.b4 Nd7 17.bxc5 Qxc5 18.Qf3 Rb8 19.Rb3 Qc7 20.Reb1 Bd8 21.Nd1 Rf8 22.Nde3 g6
23.g3 Kg7  1/2-1/2

[Event "10th TCh-Euro sen"]
[Site "Dresden GER"]
[Date "2008.02.16"]
[Round "6"]
[White "Jaenig,R"]
[Black "Braun,Go"]
[Result "0-1"]
[WhiteElo "2164"]
[BlackElo "2329"]

1.e4 d6 2.d4 Nf6 3.Nc3 e5 4.Nf3 Nbd7 5.Bc4 Be7 6.O-O O-O 7.Re1 exd4 8.Nxd4 Ne5
9.Bf1 Re8 10.h3 Bf8 11.Bg5 h6 12.Bh4 Ng6 13.Bg3 c6 14.Qd2 Qb6 15.a4 a5 16.b3 Bd7
17.Kh1 Rad8 18.Rad1 Bc8 19.Bc4 Ne5 20.Bf1 Ned7 21.Nf5 Nc5 22.f3 Bxf5 23.exf5 d5
24.Bf2 Qc7 25.g4 Bd6 26.Ne2 Ncd7 27.Bg2 Bb4 28.c3 Bc5 29.Bg3 Qb6 30.Nd4 Bf8
31.h4 Nc5 32.g5 hxg5 33.hxg5 Nfd7 34.g6 Nxb3 35.Qg5 Rxe1+ 36.Rxe1 Nxd4 37.cxd4 Nf6
38.Be5 Re8 39.Kh2 Bd6 40.Kh3 Qc7 41.Bxf6 Rxe1 42.Qh4 fxg6 43.Qxe1 gxf6 44.Qe6+ Kg7
45.fxg6 Kxg6 46.Bf1 Qh7+ 47.Kg4 Qh5+  0-1

[Event "10th TCh-Euro sen"]
[Site "Dresden GER"]
[Date "2008.02.16"]
[Round "6"]
[White "Ofstad,P"]
[Black "Rost van Tonningen,O"]
[Result "1-0"]
[WhiteElo "2155"]
[BlackElo "2061"]

1.e4 d6 2.d4 Nf6 3.Nc3 Nbd7 4.Nf3 e5 5.h3 c6 6.a4 a5 7.Be3 Be7 8.Bc4 h6 9.Bb3 Qc7
10.O-O Nf8 11.Nh4 g6 12.f4 exf4 13.Bxf4 Ne6 14.Bh2 Qb6 15.Nf3 Nh5 16.Kh1 O-O
17.Qd2 Kh7 18.Rae1 Bd7 19.Bc4 g5 20.Bd3 Nef4 21.e5+ Kg8 22.g4 Nxd3 23.Qxd3 Nf4
24.Bxf4 gxf4 25.g5 Bxh3 26.Rg1 h5 27.exd6 Bxd6 28.Ne4 Be7 29.Nf6+ Bxf6 30.gxf6+ Bg4
31.Ng5  1-0

[Event "Aeroflot Open"]
[Site "Moscow RUS"]
[Date "2008.02.16"]
[Round "3"]
[White "Sebag,M"]
[Black "Bocharov,D"]
[Result "0-1"]
[WhiteElo "2510"]
[BlackElo "2600"]

1.e4 d6 2.d4 Nf6 3.Nc3 e5 4.Nf3 Nbd7 5.Bc4 Be7 6.O-O O-O 7.Re1 c6 8.a4 b6
9.Bg5 a6 10.d5 c5 11.Bf1 Ne8 12.Bxe7 Qxe7 13.Nd2 Rb8 14.Nc4 g6 15.Qd2 Kg7
16.Bd3 Ndf6 17.Rab1 b5 18.axb5 axb5 19.Na5 Bd7 20.b4 c4 21.Be2 Qd8 22.Rf1 Qb6
23.Rbd1 Nc7 24.Bf3 Ra8 25.Ne2 h6 26.g3 Bh3 27.Rfe1 Ng4 28.Nc3 f5 29.Bg2 Bxg2
30.Kxg2 f4 31.Rf1 fxg3 32.hxg3 Rf7 33.Rde1 Qd4 34.Qxd4 exd4 35.Nd1 Ne5 36.f4 Ng4
37.Re2 Re8 38.Rfe1 g5 39.Nc6 d3 40.cxd3 gxf4 41.gxf4 cxd3 42.Rd2 Nxd5 43.Kg3 Ngf6
44.Rxd3 Rxe4 45.Rxe4 Nxe4+ 46.Kh2 Nxf4 47.Rd4 d5 48.Ne3 Ne2 49.Rxd5 Rf2+
50.Kh3 Rf3+ 51.Kh4 Rxe3 52.Ne7 Rb3 53.Nf5+ Kg6 54.Ne7+ Kf6 55.Rxb5 Kxe7 56.Re5+ Kf6
57.Rxe4 Ng3 58.Rc4 Nf5+  0-1

[Event "XXIV Open"]
[Site "Cappelle La Grande FRA"]
[Date "2008.02.17"]
[Round "2"]
[White "Belov,Vl"]
[Black "Papp,Ga"]
[Result "1/2-1/2"]
[WhiteElo "2578"]
[BlackElo "2484"]

1.d4 d6 2.e4 Nf6 3.Nc3 e5 4.Nf3 Nbd7 5.g4 Nxg4 6.Rg1 exd4 7.Nxd4 Ngf6 8.Qe2 g6
9.Be3 c5 10.Nb3 Bg7 11.O-O-O O-O 12.Rxd6 Qe7 13.Rd1 Nxe4 14.Bg5 f6 15.Nd5 Qf7
16.Bf4 f5 17.f3 Nef6 18.Nc7 Nb6 19.Nxa8 Nxa8 20.Qb5 Nb6 21.Nxc5 Qxa2 22.Qb3+ Qxb3
23.Nxb3 Nfd5 24.Bg5 f4 25.Re1 Bf5 26.Bd3 Bxd3 27.cxd3 Nb4 28.Kb1 Nxd3 29.Re7 Nc4
30.Rxb7 a5 31.Nc1 Nd2+ 32.Kc2 Nxf3 33.Nxd3 Nxg1 34.Bxf4 Nf3 35.Bg3 Nd4+ 36.Kb1 Nf5
37.Be5 Bxe5 38.Nxe5 Re8 39.Ng4 Re7 40.Rxe7 Nxe7 41.Kc2 Kf7 42.Kb3 h5 43.Ne3 Ke6
44.Ka4 Nf5 45.Nf1 g5  1/2-1/2

[Event "XXIV Open"]
[Site "Cappelle La Grande FRA"]
[Date "2008.02.17"]
[Round "2"]
[White "Yandemirov,V"]
[Black "Chernyshov,K"]
[Result "0-1"]
[WhiteElo "2461"]
[BlackElo "2543"]

1.e4 d6 2.d4 Nf6 3.Nc3 c6 4.a4 g6 5.Nf3 Bg7 6.Be2 O-O 7.Bg5 Bg4 8.Qd2 d5
9.e5 Ne4 10.Nxe4 dxe4 11.Ng1 Be6 12.Rd1 f6 13.exf6 exf6 14.Be3 Nd7 15.h4 Qe7
16.Nh3 Rfd8 17.Nf4 Bf7 18.c4 f5 19.d5 Nc5 20.Qb4 Bf8 21.O-O a5 22.Qc3 Nxa4
23.Qc2 Nc5 24.Nh3 cxd5 25.Bg5 Qe5 26.Bxd8 Rxd8 27.cxd5 h6 28.Qc3 Qxc3 29.bxc3 Rxd5
30.Bc4 Rxd1 31.Bxf7+ Kxf7 32.Rxd1 a4 33.Nf4 Be7 34.h5 gxh5 35.Nd5 Nb3 36.Ne3 Ke6
37.Nc2 b5 38.Kf1 h4 39.Ke2 f4 40.f3 e3 41.Rb1 Kd5 42.Kd3 Bf6 43.Nb4+ Ke6
44.Nc2 Kd6 45.Nb4 Nd2 46.Rh1 Nc4 47.Kc2 Ke6 48.Nd3 Kf5 49.Nc1 Kg5 50.Ne2 Nd2
51.Kd3 Kf5 52.Nc1 a3 53.Na2 Ke6 54.Nb4 Kd6 55.Nc2 Nc4 56.Ra1 e2 57.Re1 Nb2+
58.Kd2 Na4 59.Kxe2 a2 60.Kd3 Bxc3 61.Re4 Nc5+ 62.Kxc3 Nxe4+ 63.Kb2 Ng5 64.Nd4 Ke5
65.Nc6+ Kf6 66.Nd4 h3 67.gxh3 Nxh3 68.Ne2 Ke5 69.Kxa2 Ng5  0-1

[Event "XXIV Open"]
[Site "Cappelle La Grande FRA"]
[Date "2008.02.17"]
[Round "2"]
[White "Smith,Ax"]
[Black "Borsuk,A"]
[Result "0-1"]
[WhiteElo "2458"]
[BlackElo "2312"]

1.d4 d6 2.e4 Nf6 3.Nc3 e5 4.dxe5 dxe5 5.Qxd8+ Kxd8 6.Bg5 Be6 7.O-O-O+ Nd7
8.f4 exf4 9.Nf3 Kc8 10.Bxf4 Bc5 11.Ng5 Bg4 12.Be2 Bxe2 13.Nxe2 Ng4 14.Rhf1 Re8
15.Kb1 f6 16.Nh3 g5 17.Bd2 Nxh2 18.Rh1 Ng4 19.Ng3 c6 20.b4 Bd6 21.Nf5 Be5
22.Rdf1 Nb6 23.Nf2 Nc4 24.Bc1 Nxf2 25.Rxf2 a5 26.Rxh7 axb4 27.Rf1 Rd8 28.Ng7 Na3+
29.Bxa3 bxa3 30.Ne6 Re8 31.Ng7 Rg8 32.Rd1 Ra4 33.c3 Rxe4 34.Nf5 Re8 35.Ng7 Re7
36.Kc2 Re2+ 37.Kb3 Rxg2 38.Kxa3 Bxc3 39.Rh8+ Kc7 40.Ne8+ Kb6 41.Nd6 Ree2
42.Rb1+ Kc5 43.Nxb7+ Kc4 44.Nd6+ Kd5 45.Nf5 Kc4 46.Nd6+ Kd3 47.Rh3+ Re3 48.Rd1+ Ke2
49.Rxe3+ Kxe3 50.Kb3 Be5 51.Nc4+ Ke2 52.Rc1 Rg3+ 53.Kb4 Bf4 54.Rh1 g4 55.Rh4 Kf3
56.Rh5 Bg5 57.a4 Rh3 58.Ne5+ Kg2  0-1

[Event "XXIV Open"]
[Site "Cappelle La Grande FRA"]
[Date "2008.02.17"]
[Round "2"]
[White "Panarin,M"]
[Black "Hopman,P"]
[Result "1-0"]
[WhiteElo "2511"]
[BlackElo "2301"]

1.e4 d6 2.d4 Nf6 3.Nc3 Nbd7 4.g3 e5 5.Nge2 c6 6.a4 d5 7.exd5 exd4 8.Nxd4 cxd5
9.Bg2 Bb4 10.Qe2+ Qe7 11.Qxe7+ Kxe7 12.O-O Nb6 13.a5 Bxc3 14.bxc3 Nc4 15.Re1+ Be6
16.Nf5+ Kf8 17.Ne3 Rc8 18.Nxc4 Rxc4 19.Rb1 Rc7 20.c4 h6 21.cxd5 Bxd5 22.Bf4 Rd7
23.Bxd5 Nxd5 24.Rbd1 f5 25.c4 Nf6 26.Rxd7 Nxd7 27.Bd6+ Kf7 28.Re7+ Kf6 29.Rxd7 Ke6
30.Rxg7 Kxd6 31.Rxb7  1-0

[Event "10th TCh-Euro sen"]
[Site "Dresden GER"]
[Date "2008.02.17"]
[Round "7"]
[White "Schirmer,W"]
[Black "Raedeker,B"]
[Result "0-1"]
[WhiteElo "2012"]
[BlackElo "2256"]

1.e4 d6 2.d4 Nf6 3.Nc3 c6 4.Nf3 Bg4 5.Be2 e6 6.O-O d5 7.Bg5 Be7 8.Bxf6 Bxf6
9.Ne5 Bxe2 10.Qxe2 Bxe5 11.dxe5 O-O 12.Rad1 Qb6 13.Rd3 d4 14.Nd1 Nd7 15.Qh5 Qc5
16.f4 Rfe8 17.Rf2 Rad8 18.Rfd2 Nf8 19.Nf2 Qa5 20.Ng4 Ng6 21.b4 Qxb4 22.Nf6+ gxf6
23.exf6 Qf8 24.f5 exf5 25.exf5 Re1+ 26.Kf2 Re5 27.Rh3 h6 28.Qg4 Qd6 29.fxg6 Qxf6+
30.Rf3 Qxg6 31.Qh4 Rg5 32.g3 c5 33.Qf4 Re8  0-1